Từ điển tin học điện tử viễn thông Anh - Việt và Việt Anh
Сохранить в:
| Формат: | |
|---|---|
| Язык: | Undetermined |
| Опубликовано: |
Hà Nội
Khoa học và Kỹ thuật
2002
|
| Предметы: | |
| Метки: |
Добавить метку
Нет меток, Требуется 1-ая метка записи!
|
| Thư viện lưu trữ: | Trung tâm Học liệu Trường Đại học Cần Thơ |
|---|
| LEADER | 00595nam a2200181Ia 4500 | ||
|---|---|---|---|
| 001 | CTU_93339 | ||
| 008 | 210402s9999 xx 000 0 und d | ||
| 020 | |c 340000 | ||
| 082 | |a 621.3903 | ||
| 082 | |b T550 | ||
| 245 | 0 | |a Từ điển tin học điện tử viễn thông Anh - Việt và Việt Anh | |
| 260 | |a Hà Nội | ||
| 260 | |b Khoa học và Kỹ thuật | ||
| 260 | |c 2002 | ||
| 650 | |a Electronics,Informatics,Telecommunication | ||
| 650 | |x Dictionaries,Dictionaries,Dictionaries | ||
| 904 | |i Năm | ||
| 980 | |a Trung tâm Học liệu Trường Đại học Cần Thơ | ||